000 02292nam a22002657a 4500
001 4621
003 FISKH
005 20240918110737.0
008 240918b cb ||||| |||| 00| 0 eng d
040 _aFISKH
_bBilingual
_cFISKH
_dFISKH
050 _aPZ7
082 _a800
100 _aAnonymous
_eauthor
245 _aបុរសកំណាញ់​ /
_cby Anonymous
300 _a16 pages :
_bcolor illustrations ;
_c22 cm .
505 _aH
520 _aនៅក្នុងតំបន់ដាច់ស្រយាលមួយមានសួនច្បារដ៏ស្រស់ស្អាតមួយជាកម្មសិទ្ធិរបស់បុរសកំប៉ោងម្នាក់ ក្មេងៗតែតែទៅលេងនៅទីនោះ តែបុរសកំប់ោងនោះមិនអោយក្មេងៗលេងទេ ។ គាត់បានសង់ជញ្ជាំងថ្មខ្ពស់ ហើយសរសេរថា ហាមចូល ។ រដូវផ្ការីកបានមកដល់ តែនៅក្នុងសួនច្បារនោះនៅតែជារដូវរងារដដែល ។ទីបំផុតទើបគាត់ដឺងថារុក្ខជាតិទាំងឡាយរីកស្រស់បំព្រងកាលបើឃើញក្មេងៗបានចូលមកលេងវិញ ហើយគាត់ក៏ប្រាប់ទៅក្មេងៗថា សួនច្បារនេះជាំរបស់ពួកឯងហើយ ។
520 _aIn a remote area, there is a beautiful garden owned by a fat man, but the children goes to play there, but the man does not let the children play. He built a high stone wall and wrote that it was forbidden to enter. Spring has arrived, but in the garden it is still winter.He finally realized that the plants were thriving when he saw the children coming back to visit, and he told the children that the garden was yours .
521 8 _a430
_bLexile estimate
521 8 _aH
_bRaz-Plus
650 _aសង់ជញ្ជាំងថ្ម
_vរឿងនិទានកុមារ
650 _abuild stone wall
_vchildren's stories
942 _2ddc
_cKHB
_n0
999 _c4621
_d4621